| 000 | 00926nam a2200289 a 4500 | ||
|---|---|---|---|
| 001 | 000037926 | ||
| 003 | DO-SdBNP | ||
| 005 | 20171030132225.0 | ||
| 007 | 000037926 | ||
| 008 | 130308s2010 dr a 000 0 spa d | ||
| 020 | _a9789945429084 | ||
| 040 |
_aBPMSU _bspa _cBPMSU |
||
| 082 |
_aRD863.44 _bV443v |
||
| 100 | 1 | _aVeloz Maggiolo, Marcio | |
| 245 | 1 | 3 |
_aLa verdadera historia de Aladino / _cMarcio Veloz Maggiolo; ilustraciones Jovanny Silberberg |
| 260 | 0 |
_aSanto Domingo : _bAlfaguara, _c2010 |
|
| 300 |
_a109 p. : _bils. ; _c22 cm. |
||
| 490 | 1 | _aAfaguara infantil | |
| 585 | _aPremio anual de literatura infantil 2007 | ||
| 650 | 4 | _aCUENTOS INFANTILES DOMINICANOS | |
| 650 | 4 | _aLITERATURA INFANTIL DOMINICANA | |
| 700 | 1 | 2 |
_aSilberberg, Jovanny _eils. |
| 830 | 0 | _pAfaguara infantil | |
| 910 | _aValidado. Control de calidad MFF | ||
| 942 |
_2ddc _cBK |
||
| 956 |
_aVMATEO _b10 _c20150507 _lBPMSU _h00151 |
||
| 999 |
_c7816 _d7816 |
||